Zagraniczni żużlowcy występujący w klubie z Poznania - Statystyki

Ogólne statystyki
  • Ten quiz został rozwiązany 64 razy
  • Średni wynik to 13 z 30
Statystyki odpowiedzi
Narodowość Lata startów Odpowiedź % Poprawnych
Łotwa 2022 Francis Gusts
92%
Norwegia 2022 Rune Holta
88%
Francja 2018-19 David Bellego
85%
Dania 2021-22 Jonas Seifert-Salk
77%
Niemcy 2020-21 Kevin Woelbert
73%
Czechy 2019 Eduard Krcmar
65%
Wielka Brytania 2022 Chris Harris
58%
Dania 2020-21 Matias Nielsen
58%
Dania 2022 Emil Breum
54%
Dania 2017-18 Frederik Jakobsen
54%
Finlandia 2021 Tero Aarnio
54%
Dania 2017 Kasper Nielsen
50%
Dania 2006-07 Klaus Jakobsen
50%
Węgry 2011 Norbert Magosi
50%
Rosja 2017-19 Władimir Borodulin
46%
Dania 2006-08 Anders Andersen
38%
Dania 1991 Brian Andersen
38%
Rosja 2011 Ilja Czałow
31%
Dania 2020-21 Markus Birkemose
31%
Szwecja 2020 Filip Hjelmland
27%
Szwecja 2011 Peter Ljung
27%
Finlandia 2008 Kauko Nieminen
23%
Niemcy 2010-11 Frank Facher
19%
Słowenia 2007 Izak Santej
19%
Dania 2006-07 Mads Korneliussen
19%
Australia 2010 Tyron Proctor
19%
Wielka Brytania 2010 Daniel King
15%
Dania 1991 Jacob Olsen
12%
Dania 1991 Kenneth Arnfred
8%
Niemcy 2006 Rene Schaefer
8%
Nie znaleziono quizów pasujących do podanych kryteriów
Rozkład punktacji
Procent ludzi z każdym wynikiem
Percentyl według liczby udzielonych odpowiedzi
Twoja historia wyników
Nie rozwiązałeś tego quizu